000 00930cam a2200241 a 4500
001 000008809
005 20200929161418.0
008 020725s2001 nq 001 f spa
020 _a9992442301
040 _aDO-SdBNP
_bspa
_cDLC
_dBNPHU
082 _aN863.44
_bB267s
100 1 _aBarquero Baltodano, Mario.
_923352
245 1 0 _aSiete expresiones de amor /
_cMario Barquero Baltodano ; editor Francisco Arellano Oviedo.
260 _aManagua, (Nicaragua) :
_bAsociación Noruega de Escritores ;
_bCentro Nicaragüense de Escritores ;
_bAgencia para el desarrollo,
_c2001.
300 _a62 p. ;
_c22 cm.
650 4 _aNovela nicaragüense
_922434
650 4 _aLiteratura nicaragüense
_98122
650 4 _aNovela amorosa nicaragüense
_923353
650 4 _aBarquero baltodano, mario,
_xRelatos personales
_923354
700 1 _aArellano Oviedo, Francisco,
_eed.
_923355
910 _aCatalogación por copia / LC
049 _aBNGR
999 _c8578
_d8578